Регионална библиотека "Любен Каравелов" - Русе

Следи във времето (Запис номер 167160)

MARC детайли
000 -Лидер
Контролно поле с фиксирана дължина 01406nam a2200397 c 4500
003 - Код на организацията, давaща контролен номер
Контролно поле BLK
005 - Дата и час на последна редакция
Контролно поле 20180422114153.0
008 - Елементи от данни с фиксирана дължина
fixed length control field 180411b bul|||||r ||||||| ||bul||
010 ## - Наследен системен номер
LC control number KNG00174951000
020 ## - Международен стандартен номер на книга ISBN
Международен стандартен номер на книга ISBN 978-954-9486-58-2
-- издат.: Обнова
040 ## - Източник на каталожния запис
Идентификатор на билиотеката - собственик на записа BLK
041 ## - Код за език
Код за езика на текст/звукозапис или на отделно заглавие Български
Код за езика КДБФ Български
072 #7 - Код за тематичната категория
Код организация bullib
Код за тематична категория Н92
Текст История Н
080 ## - УДК
Текстов определител УДК Краезнание
УДК код - определител по УДК 908
УДК определител (497.23-21)
УДК - код + определител 908(497.23-21)
080 ## - УДК
Текстов определител УДК Биографии
УДК код - определител по УДК 929
УДК определител (497.23-21)
УДК - код + определител 929(497.23-21)
100 1# - Редна дума - Автор
Автор Андонова, Донка
Авторска отговорност първи автор
R(LIN) 337413
139 ## - Редно поле
Редна дума Андонова, Донка
Авторски знак Анд - А 65
245 10 - Сведения за заглавието
Заглавие Следи във времето
Подзаглавни данни Алманах
Редно поле (дума) Донка Андонова; ред. Вера Кирова Таскова.
257 ## - Страна на издаване
Страна на създаване/издаване България
260 ## - Област на издателските данни
-- Сливен
Име на издателя, разпространителя и проч. Обнова
Година на издаване 2013
Печатница Хасково : Полиграфюг
300 ## - Физическа характеристика
Страници 203 с.
Илюстрации и др. с ил., портр.
Размери/Мащаб 21 см
380 ## - Жанр
Жанр История
650 #4 - Допълнително описание по предмет – тема
Основно описание – тема или топоним Котел (град) - история
9 (RLIN) 159577
651 #4 - Допълнително описание по предмет - топоним
Географско понятие Котел
9 (RLIN) 179078
653 ## - Ключова дума – ненормативна
Ключова дума Котел
653 ## - Ключова дума – ненормативна
Ключова дума история
653 ## - Ключова дума – ненормативна
Ключова дума биографии
653 ## - Ключова дума – ненормативна
Ключова дума спомени
659 ## - Тематичен бюлетин
Тематичен бюлетин Н
700 1# - Други автори (авторска отговорност)
Лично име Таскова, Вера Кирова
Автороска отговорност (Описва отношението между автора и произведението) ред.
9 (RLIN) 381081
852 ## - Местоположение
Форматна сигнатура Цб 274120
856 4# - Електронен адрес и достъп
Електронен формат pdf - файл
Път до файла /url/
856 4# - Електронен адрес и достъп
Електронен формат pdf - файл
Път до файла /url/
942 ## - АРТИКУЛИ
Вид на библиотечния материал Книги
Скрит в OPAC Не
944 ## - СЪЗДАВАНЕ И РЕДАКЦИЯ на ЗАПИСА
Създаване/Редакция Създаване
Дата на регистрацията/редакция 08.05.2015
Служител, извършил регистрацията/редакцията Виолета_Тройчева
944 ## - СЪЗДАВАНЕ И РЕДАКЦИЯ на ЗАПИСА
Създаване/Редакция Редакция
Дата на регистрацията/редакция 02.10.2015
Служител, извършил регистрацията/редакцията Грета_Цуфелде
999 ## - СИСТЕМНИ КОНТРОЛНИ НОМЕРА
Koha biblionumber 167160
Koha biblioitemnumber 167160
Наличности
Код за отписване Код за изгубен артикул Код за повреда Коз за рестрикции Код за отдаване Артикулен № Име на библиотеката - собственик Име на библиотеката, в която се намира в момента Статус (Текущо местоположение) Дата на вписване в системата Местоположение - отдел Цена в лева Инвентарен номер Систематично азбучна сигнатура Баркод Номер на екземпляра Цена в евро Служебна бележка Служебен тип на артикула
  Не е изгубен Не е повреден без рестрикции ползва се в читалня 281584 Регионална библиотека "Любен Каравелов" Русе Регионална библиотека "Любен Каравелов" Русе Хранилище 2015-05-12 Хранилище 8.00 120000787888 Цб 274120 120000787888 1 4.09 Дост: Dp Вид: Д N: 45 Дата: 15.10.2014 Книги
Vip Innovations Ltd, Rousse, Bulgaria 2025